000 00659nam a2200253 a 4500
003 AR-BaBNM
005 20251128210626.0
008 082120s2002 ||||||||||||||000 | spa||
020 _a0-87000-213-9
040 _cAR-BaBNM
100 1 _aHarrison, Allan E.
245 0 0 _aHow to teach children twice as much
260 _aNew York
_bArlington house
_c1973
300 _a153 p.
650 4 _aMETODOS DE ENSEƑANZA
650 4 _aDIDACTICA
650 4 _aROL DEL DOCENTE
650 4 _aORGANIZACION DEL CURSO
650 4 _aACTIVIDADES ESCOLARES
650 4 _aPAPEL DE LOS PADRES
650 4 _aBIENESTAR DEL ALUMNO
942 _cBK
998 _cRAQUEL
999 _c16227
_d16227